Online
Catalog

Catalepsia : (Record no. 729)

MARC details
000 -CABECERA
campo de control de longitud fija 01766nam a2200253 a 4500
001 - NÚMERO DE CONTROL
campo de control 000000733
005 - FECHA Y HORA DE LA ÚLTIMA TRANSACCIÓN
campo de control 20240412074158.0
008 - DATOS DE LONGITUD FIJA--INFORMACIÓN GENERAL
campo de control de longitud fija 090429s2008 dr r 000 j spa d
020 ## - NÚMERO INTERNACIONAL ESTÁNDAR DEL LIBRO
ISBN cancelado o inválido 9945160516
020 ## - NÚMERO INTERNACIONAL ESTÁNDAR DEL LIBRO
ISBN cancelado o inválido 9789945160512
040 ## - FUENTE DE LA CATALOGACIÓN
Centro catalogador/agencia de origen DO-SdBNP
Lengua de catalogación spa
Centro/agencia transcriptor BNPHU
082 ## - NÚMERO DE LA CLASIFICACIÓN DECIMAL DEWEY
Número de clasificación RD863.44
Número de documento/Ítem J58ca, 2008
100 1# - ENTRADA PRINCIPAL--NOMBRE DE PERSONA
Nombre de persona Jesús Ulerio, Luis Felipe de,
Fechas asociadas al nombre 1970 -
9 (RLIN) 1334
245 10 - MENCIÓN DE TÍTULO
Título Catalepsia :
Resto del título cuentos de muertos contados por vivos /
Mención de responsabilidad, etc. Luis Felipe de Jesús Ulerio.
250 ## - MENCIÓN DE EDICIÓN
Mención de edición 4a ed.
260 ## - PUBLICACIÓN, DISTRIBUCIÓN, ETC.
Lugar de publicación, distribución, etc. Santo Domingo :
Nombre del editor, distribuidor, etc. Búho,
Fecha de publicación, distribución, etc. 2008.
300 ## - DESCRIPCIÓN FÍSICA
Extensión 136 p. ;
Dimensiones 22 cm.
500 ## - NOTA GENERAL
Nota general Incluye biografía
505 0# - NOTA DE CONTENIDO CON FORMATO
Título Exequias --
-- El cocuyo --
Información miscelánea Reflexión I.
Título La muerte --
-- El barón del cementerio --
Información miscelánea Reflexión II.
Título El ser humano, un ser solitario --
-- La bruja --
Información miscelánea Reflexión III.
Título La esperanza de la vida --
-- El bacá --
-- Reflexión IV.
-- ¿Hay algo peor que la muerte? --
-- Un pacto con el diablo --
Información miscelánea Reflexión V.
Título El temor a la muerte --
-- El taxista --
-- Reflexión VI.
-- Las cosas pequeñas --.
-- Instantes --
-- La reina de las américas --
Información miscelánea Reflexión VII.
Título En vida., hermano, en vida --
-- El cocolo --
Información miscelánea Reflexión VIII.
Título La angustia existencial --
-- En paz --
-- No estaba muerto --
Información miscelánea Reflexión IX.
Título La vida, algo muy valioso que salvar --
-- El abrigo en la tumba --
Información miscelánea Reflexión X.
Título La vida es breve --
-- Volviendo a la vida --
-- Reflexión XI.
-- La vida es un sueño --
-- Los tres espíritus--
Información miscelánea Reflexión XII.
Título El tunel de la muerte --
-- El baquiní --
-- Reflexión XIII.
-- Catalepsia: Un mensaje del resucitado --
-- El resucitado --
-- La "Resurrección" de Don Andrés --
-- Epílogo --
-- La muerte de Don Andrés.
590 ## - NOTA LOCAL (RLIN)
Nota local Inventariado, 2020/BT
650 #0 - PUNTO DE ACCESO ADICIONAL DE MATERIA--TÉRMINO DE MATERIA
Término de materia o nombre geográfico como elemento de entrada Cuentos dominicanos
9 (RLIN) 176
650 #0 - PUNTO DE ACCESO ADICIONAL DE MATERIA--TÉRMINO DE MATERIA
Término de materia o nombre geográfico como elemento de entrada Literatura dominicana.
9 (RLIN) 67
910 ## - DATOS DE OPCIÓN DEL USUARIO (OCLC)
Datos de opción del usuario Validado. Control de calidad. MMOLINA
Holdings
Estado de retiro Estado de pérdida Restricciones de uso No para préstamo Código de colección Localización permanente Ubicación/localización actual Ubicación en estantería Fecha de adquisición Número de inventario Total de préstamos Signatura topográfica completa Código de barras Fecha visto por última vez Número de copia Precio válido a partir de Tipo de ítem Koha
      Préstamo en sala Dominicana de Servicio Biblioteca Nacional Pedro Henríquez Ureña Biblioteca Nacional Pedro Henríquez Ureña Depósito 25.08.2009 LF1   RD863.44 J58c 733-30 25.06.2020 e.3 25.06.2020 Libros y folletos
      Préstamo en sala Dominicana de Servicio Biblioteca Nacional Pedro Henríquez Ureña Biblioteca Nacional Pedro Henríquez Ureña Depósito 18.10.2013 LF1   RD863.44 J58c 733-40 25.06.2020 e.4 25.06.2020 Libros y folletos
      Préstamo restrigido Patrimonio Dominicano Biblioteca Nacional Pedro Henríquez Ureña Biblioteca Nacional Pedro Henríquez Ureña Depósito 25.08.2009 LF1   RD863.44 J58c 733-10 25.06.2020   25.06.2020 Libros y folletos
      Préstamo restrigido Patrimonio Dominicano Biblioteca Nacional Pedro Henríquez Ureña Biblioteca Nacional Pedro Henríquez Ureña Depósito 25.08.2009 LF1   RD863.44 J58c 733-20 25.06.2020 e.2 25.06.2020 Libros y folletos

Powered by Koha